000 00192 a2200097 4500
020 _a842612318
041 _aspa
100 _aLinares Becerra, Concha
245 _aMaridos de lujo
942 _cBK
999 _c31539
_d31537